00327nam a2200121Ia 4500008004100000041000800041082001500049100001900064245004500083260004400128300002400172365000900196240624s9999 xx 000 0 und d aeng a332.64 HAS aHASBROUCK JOEL aEMPIRICAL MARKET MICROSTRUCTURE THE INST c2007aNew YorkbOxford University press a198 : p. : cm. ; 24 cb28